| 000 | 00765nam a2200169 a 4500 | ||
|---|---|---|---|
| 001 | 000048703 | ||
| 005 | 20201002061337.0 | ||
| 008 | 190410s2016 dr a 000 0 spa d | ||
| 040 |
_aDO-SdBNP _bspa _cBNPHU |
||
| 110 | 1 |
_aSuperintendencia de Electricidad _bRepública Dominicana _976152 |
|
| 245 | 1 | 0 |
_aReglamento para presentación, procesamiento y decisión de las reclamaciones surgeridas en la relación empresas distribución- usuarios en la vía administrativa : _bresolución SIE-039-2016-MEM I. |
| 260 |
_aSanto Domingo : _bSuperintendencia de Electricidad, _c2016. |
||
| 300 |
_a[29] p. : _bils. ; _c28 cm. |
||
| 490 | 1 |
_aMercado eléctronico minorista (MEMI) _v7 |
|
| 590 | _aInventariado, 2019/VM | ||
| 830 | 0 |
_aMercado eléctronico minorista (MEMI) _n7 _976160 |
|
| 999 |
_c48191 _d48191 |
||